L'art de la disertation philosophique /

Сохранить в:
Библиографические подробности
Главный автор: Huisman, Denis (autor)
Формат:
Язык:французский
Опубликовано: París, Francia : Société d'Edition d'Enseignement Supérieur, 1967, c1965
Метки: Добавить метку
Нет меток, Требуется 1-ая метка записи!

MARC

LEADER 00000nam^a2200000^a^4500
001 000595244
005 20250521000000.0
009 20260310133043.755
037 |a Acervo Xavier Clavigero 
041 |a FRA 
091 |a FDU. 00379 
100 |a Huisman, Denis  |e (autor) 
245 1 1 |a L'art de la disertation philosophique / 
264 4 |a París, Francia :  |b Société d'Edition d'Enseignement Supérieur,  |c 1967, c1965 
300 |a 349 p. 
336 |a texto  |b txt  |2 rdacontenido 
337 |a sin mediación  |b n  |2 rdamedio 
338 |a volumen  |b nc  |2 rdasoporte 
649 |a XX 
910 |a Fondo Víctor Raúl Durana Valerio S.J. 
920 |a Impresos - Libros 
930 |a Fondos Especiales 
905 |a 116 
901 |a 595244-10  |b IT2  |c ESP  |i D4749  |u 20250521 
902 |a https://opac.biblio.iteso.mx/vufind/Record/000595244